Central Library OPAC University of Rajshahi

সতত স্বাগত / (Record no. 71463)

MARC details
000 -LEADER
fixed length control field 00969nam a22002417a 4500
001 - CONTROL NUMBER
control field 71463
003 - CONTROL NUMBER IDENTIFIER
rucl marc code BD-RjUL
005 - DATE AND TIME OF LATEST TRANSACTION
control field 20211209082121.0
008 - FIXED-LENGTH DATA ELEMENTS--GENERAL INFORMATION
fixed length control field 170503s1977 ii ||||| |||| 00| 0 ben d
020 ## - INTERNATIONAL STANDARD BOOK NUMBER
Terms of availability : TK 20.00
035 ## - SYSTEM CONTROL NUMBER
System control number (BD-RjUL) 71679
040 ## - CATALOGING SOURCE
Original cataloging agency BD-RjUL
Language of cataloging ben
Transcribing agency BD-RjUL
Modifying agency BD-RjUL
041 ## - LANGUAGE CODE
Language code of text/sound track or separate title ben
082 ## - DEWEY DECIMAL CLASSIFICATION NUMBER
Edition number 23
Classification number 891.44092
Author mark and year HOA 1977
100 1# - MAIN ENTRY--PERSONAL NAME
Personal name হোসেন, মীর মশাররাফ
9 (RLIN) 135165
245 10 - TITLE STATEMENT
Title সতত স্বাগত /
Statement of responsibility, etc. মীর মশাররাফ হোসেন ; দেবীপদ ভট্টাচার্য- সম্পদনা
260 ## - PUBLICATION, DISTRIBUTION, ETC. (IMPRINT)
Place of publication, distribution, etc. কলিকাতা :
Name of publisher, distributor, etc. জেনারেল,
Date of publication, distribution, etc. ১৯৭৭ [১৩৮৪]
300 ## - PHYSICAL DESCRIPTION
Pagination ২৯৮ পৃ. ;
Size ২১ সেমি.
650 ## - SUBJECT ADDED ENTRY--TOPICAL TERM
Topical term or geographic name as entry element Bengali Writer
General subdivision Biography
9 (RLIN) 135166
Topical term or geographic name as entry element বাংলা লেখক
General subdivision জীবনী
9 (RLIN) 135145
700 ## - ADDED ENTRY--PERSONAL NAME
Personal name ভট্টাচার্য, দেবীপদ
942 ## - ADDED ENTRY ELEMENTS (KOHA)
Source of classification or shelving scheme Dewey Decimal Classification
Koha item type Books
Holdings
Lost status Source of classification or shelving scheme Damaged status Not for loan Collection code Permanent Location Current Location Shelving location Date acquired Source of acquisition Cost, normal purchase price Total Checkouts Full call number Date last seen Copy number Koha item type
  Dewey Decimal Classification   Not For Loan Non-fiction Central Library, University of Rajshahi Central Library, University of Rajshahi Reading Room 08/03/1984 N/A 0.00   B 891.44092 HOA 1977 03/05/2017 C-1 Books